30 jeux vidéo à compléter - 2012 - Statistiques

Statistiques générales
  • Ce quiz a été pris 61 fois
  • Le résultat moyen est 16 sur 30
Statistiques - réponses
Hint Réponse % Correct
... Cry 3 Far
94%
Border... 2 Lands
89%
... Effect 3 Mass
89%
The ... Dead Walking
89%
Diablo ... III
83%
Forza ... Horizon
81%
Max ... 3 Payne
81%
... Inc. Plague
79%
Counter-Strike: ... Offensive Global
77%
Animal Crossing: ... Leaf New
68%
New Super Mario Bros. ... U
68%
...: Medieval Warfare Chivalry
66%
... 4 Halo
57%
... Miami Hotline
57%
... Dogs Sleeping
55%
Hell Yeah! La fureur du ... mort Lapin
49%
...: Absolution Hitman
45%
...'s Dogma Dragon
43%
...: Faster Than Light FTL
40%
... Default Bravely
38%
Sonic & All Stars ... Transformed Racing
38%
...'s Wrath Asura
34%
Kid Icarus: ... Uprising
34%
XCOM: ... Unknown Enemy
30%
Trials ... Evolution
28%
... of the Ninja Mark
26%
Spec Ops: The ... Line
23%
... Spelunky
17%
...: An Elysian Tail Dust
13%
Super ... Hexagon
11%
Aucun quiz correspondant
Distribution des résultats
% des personnes avec chaque résultat
Percentile par nombre de réponses
Votre historique - résultats
Vous n’avez pas pris ce quiz